[Event "BUL Ch"]
[Site "Bulgaria"]
[Date "1988.??.??"]
[Round "?"]
[White "Georgiev, Kiril D"]
[Black "Ermenkov, Evgenij P"]
[Result "1/2-1/2"]
[WhiteElo "2595"]
[BlackElo "2480"]
[PlyCount "190"]
[EventDate "1988.08.??"]
[Source "www.chesslib.no"]
[SourceDate "2004.05.04"]

1. d4 Nf6 2. c4 g6 3. Nc3 Bg7 4. e4 d6 5. f3 O-O 6. Be3 e5 7. d5 c6 8. Bd3 cxd5 9. cxd5 Na6 10. Nge2 Bd7 11. O-O Ne8 12. Rc1 Nc5 13. Bc2 a5 14. a3 b5 15. b4 axb4 16. axb4 Na6 17. Rb1 Qb8 18. Kh1 Nf6 19. g4 Rc8 20. Bd3 Qb7 21. Qd2 Rc7 22. Na2 Rac8 23. Nac1 Kh8 24. Nb3 Nxd5 25. Na5 Nxe3 26. Nxb7 Nxf1 27. Rxf1 Rxb7 28. Nc3 Nxb4 29. Be2 Nc2 30. Qxc2 Rbc7 31. Qb3 Rxc3 32. Qxf7 R3c7 33. Qd5 Bf8 34. Rb1 Kg7 35. Rb2 Be7 36. Kg2 Rb8 37. Bd3 Be8 38. Qa2 Bf7 39. Qa5 Rcb7 40. Rxb5 Rxb5 41. Bxb5 Bf8 42. Qa6 Kg8 43. h4 Kg7 44. Kg3 Kg8 45. Qc6 Re8 46. Qc7 Ra8 47. Bc4 Bxc4 48. Qxc4+ Kg7 49. Qc7+ Kg8 50. Qd7 Ra1 51. Qb7 Rc1 52. Qa7 Rc8 53. g5 Bg7 54. Qd7 Rf8 55. Qxd6 Rf4 56. Qe6+ Kh8 57. Kf2 Rf8 58. Ke2 Rf4 59. Qd5 Rf8 60. Ke3 Rf4 61. Qe6 Rf8 62. Qh3 Rf4 63. Kd3 Rf8 64. Kc4 Kg8 65. Kd5 Rd8+ 66. Ke6 Re8+ 67. Kd7 Rf8 68. Qe6+ Kh8 69. Ke7 Rb8 70. Qd5 Rf8 71. Qb3 Rg8 72. f4 exf4 73. Qf3 Be5 74. Ke6 Re8+ 75. Kf7 Rb8 76. h5 gxh5 77. Qxh5 Bg7 78. Qf3 Rf8+ 79. Ke7 Kg8 80. Qb3+ Kh8 81. Qf3 Kg8 82. e5 Rf7+ 83. Ke8 Rf8+ 84. Kd7 Rf7+ 85. Kd6 Bf8+ 86. Ke6 Be7 87. Qh5 Rg7 88. Qe8+ Bf8 89. Qa8 Rxg5 90. Kf6 Rg7 91. e6 h6 92. Kf5 f3 93. Qxf3 Kh7 94. Qa8 Be7 95. Qe8 Bg5 1/2-1/2

[Event "Minsk"]
[Site "Minsk"]
[Date "1996.??.??"]
[Round "4"]
[White "Savchenko, Stanislav"]
[Black "Kupreichik, Viktor D"]
[Result "1-0"]
[WhiteElo "2585"]
[BlackElo "2485"]
[PlyCount "89"]
[EventDate "1996.??.??"]
[Source "ChessBase"]

1. d4 Nf6 2. c4 g6 3. Nc3 Bg7 4. e4 O-O 5. Be3 d6 6. f3 e5 7. d5 c6 8. Bd3 cxd5 9. cxd5 Ne8 10. Nge2 Bh6 11. Bf2 f5 12. exf5 gxf5 13. O-O Nd7 14. f4 exf4 15. Bd4 Qh4 16. Qe1 Qxe1 17. Raxe1 Ne5 18. Bc2 Ng6 19. h4 Ng7 20. Nb5 b6 21. Nxd6 Ba6 22. a4 f3 23. Rxf3 Bd2 24. Rd1 Bxe2 25. Rxd2 Bxf3 26. gxf3 Nxh4 27. Kf2 Ne8 28. Nxe8 Rfxe8 29. d6 Ng6 30. d7 Re7 31. Bf6 Kf7 32. Bxe7 Kxe7 33. Bxf5 Rd8 34. Re2+ Kf7 35. Kg3 Nf8 36. Rh2 Kf6 37. Kf4 Ng6+ 38. Ke4 Nf8 39. f4 Kg7 40. b4 h6 41. Rd2 h5 42. Ke5 h4 43. Kd6 Nxd7 44. Bxd7 h3 45. Rh2 1-0

[Event "OHRA-B"]
[Site "Amsterdam"]
[Date "1988.??.??"]
[Round "?"]
[White "Gulko, Boris F"]
[Black "Ermenkov, Evgenij"]
[Result "1-0"]
[WhiteElo "2590"]
[BlackElo "2475"]
[PlyCount "95"]
[EventDate "1988.07.??"]
[Source "ChessBase"]

1. d4 Nf6 2. c4 g6 3. Nc3 Bg7 4. e4 d6 5. f3 O-O 6. Be3 e5 7. d5 c6 8. Qd2 cxd5 9. cxd5 Na6 10. Bd3 Ne8 11. Nge2 Bd7 12. O-O Nc5 13. Bb5 f5 14. b4 Na6 15. exf5 gxf5 16. Rab1 Nf6 17. Kh1 Nc7 18. Bc4 Kh8 19. f4 Ng4 20. Bg1 Qh4 21. h3 a6 22. Bb3 Rae8 23. a4 Re7 24. fxe5 Bxe5 25. Nf4 Ne8 26. Rf3 Ng7 27. Rbf1 Nh5 28. Nxh5 Qxh5 29. Ne2 Ref7 30. Nf4 Qh6 31. Qe1 Rf6 32. Ne6 Re8 33. Qc1 f4 34. Qc7 Rf7 35. Qb6 Rg8 36. Bd4 Nf6 37. Rxf4 Rg3 38. R4f3 Rxf3 39. Rxf3 Qc1+ 40. Bg1 h6 41. Qe3 Qxe3 42. Bxe3 Re7 43. Bxh6 Nxd5 44. Nf8 Nxb4 45. Bd2 Rg7 46. Nxd7 Rxd7 47. Bxb4 Rc7 48. Rf1 1-0

[Event "Marcussi Memorial"]
[Site "?"]
[Date "1996.??.??"]
[Round "?"]
[White "Johnson Maurice W"]
[Black "Copie Jose Antonio"]
[Result "1-0"]
[WhiteElo "2560"]
[BlackElo "2505"]
[PlyCount "115"]
[EventDate "1996.??.??"]
[Source "www.chesslib.no"]
[SourceDate "2004.05.04"]

1. e4 g6 2. d4 Bg7 3. c4 d6 4. Nc3 Nf6 5. Bd3 O-O 6. f3 e5 7. d5 c6 8. Be3 Nh5 9. Nge2 f5 10. exf5 gxf5 11. Qd2 cxd5 12. cxd5 Nd7 13. O-O Ndf6 14. Kh1 Kh8 15. Bg5 Bd7 16. Qc2 Qc8 17. Rac1 Ne8 18. Qd2 Qb8 19. Bb1 Bf6 20. Be3 Qd8 21. f4 e4 22. g4 fxg4 23. Nxe4 Bg7 24. Ng5 Nhf6 25. Bd4 Rc8 26. Ng3 Rxc1 27. Rxc1 b6 28. Qd3 Qa8 29. Bxf6 Nxf6 30. Nxh7 Rf7 31. Ng5 Re7 32. Nf5 Nxd5 33. Nxe7 Nxe7+ 34. Kg1 Nf5 35. Nf7+ Kg8 36. Ne5 Be6 37. Nxg4 Bd4+ 38. Nf2 Qd5 39. b3 Kf8 40. Qe2 Bc5 41. Be4 Qd4 42. Re1 Ne3 43. Kh1 Bd5 44. Bf3 Bb4 45. Rb1 Qd2 46. Kg1 Bxf3 47. Qxf3 Qxa2 48. Rc1 Bc5 49. b4 Qa3 50. Re1 Qc3 51. Rb1 Bd4 52. Qa8+ Kf7 53. Qxa7+ Kg6 54. Qe7 Qc2 55. Qe4+ Qxe4 56. Nxe4 Kf5 57. Ng3+ Kxf4 58. Ne2+ 1-0

[Event "RUS-ch"]
[Site "Elista"]
[Date "1996.??.??"]
[Round "3"]
[White "Volzhin, Alexander"]
[Black "Dolmatov, Sergey"]
[Result "1/2-1/2"]
[WhiteElo "2485"]
[BlackElo "2575"]
[PlyCount "102"]
[EventDate "1996.10.15"]
[Source "ChessBase"]

1. d4 Nf6 2. c4 g6 3. Nc3 Bg7 4. e4 d6 5. f3 O-O 6. Be3 e5 7. d5 c6 8. Bd3 cxd5 9. cxd5 Nh5 10. Nge2 f5 11. exf5 gxf5 12. O-O Nd7 13. Rc1 Nc5 14. Bb1 a5 15. f4 e4 16. Kh1 Bd7 17. Nd4 Nf6 18. Ndb5 Qe7 19. h3 Rac8 20. a3 Kh8 21. g3 Rg8 22. Rg1 Bh6 23. Rc2 Rg6 24. Rcg2 Rcg8 25. Nd4 Bf8 26. Nc2 Qg7 27. Bd4 Qh6 28. Ne3 Bg7 29. Rh2 Nh5 30. Ne2 Rf8 31. g4 Nxf4 32. Nxf4 Qxf4 33. Rf1 Qg5 34. h4 Qe7 35. gxf5 Bxd4 36. Qxd4+ Qf6 37. Qxf6+ Rgxf6 38. Rhf2 a4 39. Rf4 Bb5 40. Rd1 h5 41. Rd4 Bd3 42. Bxd3 exd3 43. Kg2 Kg7 44. Rf3 R6f7 45. Nc4 Kf6 46. Nxd6 Ke5 47. Nb5 Rg8+ 48. Kh3 Rxf5 49. Re3+ Kf6 50. Nd6 Rf1 51. Ne8+ Kf7 1/2-1/2

[Event "RUS-Cup8"]
[Site "Smolensk"]
[Date "1997.??.??"]
[Round "3"]
[White "Ibragimov, Ildar"]
[Black "Zakharevich, Igor"]
[Result "1-0"]
[WhiteElo "2555"]
[BlackElo "2505"]
[PlyCount "67"]
[EventDate "1997.06.13"]
[Source "ChessBase"]
[SourceDate "1997.07.29"]

1. d4 Nf6 2. c4 g6 3. Nc3 Bg7 4. e4 d6 5. f3 c6 6. Be3 O-O 7. Qd2 e5 8. d5 cxd5 9. cxd5 Nh5 10. g4 Nf4 11. Nge2 Nd7 12. Nxf4 exf4 13. Bxf4 Ne5 14. Be2 f5 15. gxf5 gxf5 16. O-O-O Ng6 17. Bh6 f4 18. Bxg7 Kxg7 19. Nb5 Bh3 20. Kb1 Qf6 21. Rc1 a6 22. Nd4 Rf7 23. Bf1 Bd7 24. h4 Nxh4 25. Bh3 Bxh3 26. Rxh3 Kh8 27. Ne6 Rg8 28. Qh2 Ng6 29. Rh1 Rgg7 30. Rh6 Re7 31. Qh5 Kg8 32. Nxg7 Qxg7 33. Rg1 Re5 34. Qh3 1-0

[Event "Passau"]
[Site "?"]
[Date "1996.??.??"]
[Round "?"]
[White "Movsziszian, K."]
[Black "Dolmatov, S."]
[Result "1/2-1/2"]
[WhiteElo "2450"]
[BlackElo "2610"]
[PlyCount "81"]
[EventDate "1996.??.??"]
[Source "ChessBase"]
[SourceDate "1996.02.01"]

1. d4 Nf6 2. c4 g6 3. Nc3 Bg7 4. e4 d6 5. f3 O-O 6. Be3 e5 7. d5 c6 8. Bd3 cxd5 9. cxd5 Nh5 10. Nge2 f5 11. exf5 gxf5 12. O-O Nd7 13. Kh1 Nc5 14. Bc2 a5 15. a3 Bd7 16. b4 axb4 17. axb4 Na6 18. Rb1 Rc8 19. Na4 Bb5 20. Bd3 Bxd3 21. Qxd3 Qe7 22. Nb6 Rce8 23. b5 Nb8 24. Rbc1 e4 25. Qd2 exf3 26. Rxf3 Nd7 27. Nxd7 Qxd7 28. Nd4 f4 29. Bf2 Bxd4 30. Bxd4 Qxb5 31. Ba1 Qe2 32. Qb4 Qe7 33. g4 Ng7 34. Qd4 Rf7 35. Rxf4 Rxf4 36. Qxf4 Qe4+ 37. Qxe4 Rxe4 38. Bxg7 Kxg7 39. Rc7+ Kg6 40. Rxb7 Rd4 41. Rd7 1/2-1/2

[Event "It (Open) Nova Gorica SLO"]
[Site "?"]
[Date "2006.01.28"]
[Round "4"]
[White "Lenic Luka"]
[Black "Kozul Zdenko"]
[Result "1/2-1/2"]
[WhiteElo "2458"]
[BlackElo "2600"]
[PlyCount "186"]
[EventDate "2006.??.??"]
[Source "www.chesslib.no"]
[SourceDate "2004.05.04"]

1. d4 Nf6 2. c4 g6 3. Nc3 Bg7 4. e4 d6 5. f3 O-O 6. Be3 c6 7. Bd3 e5 8. d5 cxd5 9. cxd5 Ne8 10. Qd2 f5 11. exf5 gxf5 12. Nge2 Nd7 13. O-O Nc5 14. Bc2 a5 15. f4 e4 16. Bd4 Bd7 17. Bxg7 Kxg7 18. Nd4 Nf6 19. Kh1 Rc8 20. Rab1 h5 21. Bd1 Kg6 22. Be2 Rh8 23. Nd1 Ng4 24. h3 Qh4 25. Qe1 Qf6 26. Nb3 a4 27. Nxc5 Rxc5 28. hxg4 hxg4+ 29. Kg1 Rc2 30. Bxg4 fxg4 31. Ne3 Qd4 32. Rf2 Rcc8 33. Rd2 Qb6 34. Qf2 Kf7 35. Nf1 Qxf2+ 36. Kxf2 Rh1 37. Rbd1 Bb5 38. Ne3 g3+ 39. Kxg3 Rg8+ 40. Kf2 Rh4 41. Kg1 Rxf4 42. Rf2 Rxf2 43. Kxf2 Kf6 44. Rd4 Ke5 45. Rb4 Rf8+ 46. Ke1 Bd3 47. Rxa4 b5 48. Rb4 Ra8 49. a3 Rf8 50. b3 Rh8 51. a4 bxa4 52. bxa4 Rh1+ 53. Kf2 Ra1 54. Rb8 Ra2+ 55. Kg3 Kd4 56. Nf5+ Kxd5 57. Rd8 Ke6 58. Nd4+ Kd5 59. Nf5 Ke5 60. Nxd6 Bf1 61. Nxe4 Kxe4 62. Re8+ Kd5 63. Rd8+ Ke6 64. Rd4 Rxg2+ 65. Kf3 Ra2 66. Ke3 Bg2 67. Rh4 Bc6 68. Rh6+ Kd5 69. a5 Kc5 70. Rh5+ Bd5 71. Rh8 Ra3+ 72. Kf4 Rxa5 73. Ke5 Ra1 74. Rc8+ Bc6 75. Kf4 Re1 76. Kf5 Kd5 77. Kf4 Re4+ 78. Kf5 Ra4 79. Rb8 Bd7+ 80. Kf6 Rf4+ 81. Kg5 Ke5 82. Rb2 Rg4+ 83. Kh5 Rg1 84. Rf2 Bf5 85. Kh4 Rg4+ 86. Kh3 Ke4 87. Rb2 Rg7+ 88. Kh2 Kf3 89. Rb3+ Kf4 90. Rb8 Be4 91. Rf8+ Ke3 92. Kh3 Bf3 93. Rf6 Bg4+ 1/2-1/2

[Event "XXIV ECC"]
[Site "Kallithea GRE"]
[Date "2008.10.17"]
[Round "1"]
[White "Lehtivaara, P."]
[Black "Areshchenko, A."]
[Result "0-1"]
[WhiteElo "2394"]
[BlackElo "2664"]
[PlyCount "82"]
[EventDate "2008.10.17"]
[Source "www.chesslib.no"]
[SourceDate "2004.05.04"]

1. d4 Nf6 2. c4 g6 3. Nc3 Bg7 4. e4 d6 5. f3 O-O 6. Be3 e5 7. d5 c6 8. Bd3 b5 9. a3 Ba6 10. cxb5 cxd5 11. bxa6 d4 12. Nge2 dxe3 13. O-O Nbd7 14. Bb5 Nc5 15. b4 Ne6 16. Bc6 Rb8 17. Rc1 Qb6 18. Bb7 Qc7 19. Bd5 Qd7 20. g3 h5 21. Qd3 Bh6 22. Nd1 Nxd5 23. exd5 Nd4 24. Ndc3 Nb3 25. Rcd1 Nd2 26. Ne4 Qf5 27. Rxd2 exd2 28. g4 hxg4 29. N2g3 Qf4 30. fxg4 Qe3+ 31. Qxe3 Bxe3+ 32. Kg2 Rbc8 33. Kf3 Rc1 34. Ke2 Rfc8 35. Nxd2 Bxd2 36. Kxd2 R8c2+ 37. Kd3 Rc3+ 38. Kd2 R1c2+ 39. Kd1 Rxh2 40. Ne2 Rd3+ 41. Ke1 Rxa3 0-1

[Event "RIN"]
[Site "?"]
[Date "1982.??.??"]
[Round "?"]
[White "Gheorghiu, Florin"]
[Black "Csom, Istvan"]
[Result "0-1"]
[WhiteElo "2550"]
[BlackElo "2505"]
[PlyCount "82"]
[EventDate "1982.??.??"]
[Source "www.chesslib.no"]
[SourceDate "2004.05.04"]

1. d4 Nf6 2. c4 g6 3. Nc3 Bg7 4. e4 d6 5. f3 O-O 6. Be3 e5 7. d5 c6 8. Bd3 cxd5 9. cxd5 Nh5 10. Nge2 f5 11. exf5 gxf5 12. Qd2 a6 13. O-O Nd7 14. Kh1 Ndf6 15. Bg5 Qe8 16. f4 e4 17. Bc2 Kh8 18. Rae1 b5 19. Nd1 Nd7 20. Nd4 Nb6 21. g4 Nc4 22. Qc3 Qf7 23. Ne3 fxg4 24. Nxc4 bxc4 25. Qxc4 Bb7 26. Nc6 Bxc6 27. Qxc6 h6 28. Bh4 Rab8 29. Qxd6 Rxb2 30. Bxe4 g3 31. hxg3 Nxg3+ 32. Bxg3 Qh5+ 33. Kg1 Rg8 34. Rf2 Bd4 35. Kf1 Qh3+ 36. Bg2 Rxf2+ 37. Bxf2 Qxg2+ 38. Ke2 Qxf2+ 39. Kd3 Rg3+ 40. Ke4 Qxe1+ 41. Kf5 Qb1+ 0-1

[Event "Campionato europeo 2007"]
[Site "Dresda GER"]
[Date "2007.04.04"]
[Round "2.95"]
[White "Postny, Evgeny"]
[Black "Manca, Federico"]
[Result "1-0"]
[WhiteElo "2622"]
[BlackElo "2424"]
[PlyCount "47"]
[EventDate "2007.04.03"]
[Source "www.chesslib.no"]
[SourceDate "2004.05.04"]

1. e4 d6 2. d4 Nf6 3. f3 g6 4. c4 Bg7 5. Nc3 O-O 6. Be3 e5 7. d5 c6 8. Qd2 cxd5 9. cxd5 a6 10. O-O-O Nbd7 11. Kb1 b5 12. Rc1 Nb6 13. g4 Bd7 14. Bd3 b4 15. Nce2 Na4 16. Ng3 Qa5 17. N1e2 Rfb8 18. h4 Nxd5 19. exd5 e4 20. Nxe4 Bxb2 21. Bc4 Bg7 22. Bd4 Nc3+ 23. Ka1 b3 24. Rxc3 1-0

[Event "EU-chT (Men)"]
[Site "Haifa"]
[Date "1989.??.??"]
[Round "7"]
[White "Renet, Olivier"]
[Black "Sokolov, Ivan"]
[Result "1-0"]
[WhiteElo "2515"]
[BlackElo "2525"]
[PlyCount "77"]
[EventDate "1989.11.??"]
[Source "ChessBase"]

1. c4 Nf6 2. Nc3 g6 3. e4 d6 4. d4 Bg7 5. f3 O-O 6. Be3 e5 7. d5 c6 8. Bd3 a6 9. Nge2 Nbd7 10. O-O c5 11. Qc2 Kh8 12. a4 a5 13. Bg5 h6 14. Bh4 Nb8 15. Qd2 b6 16. Bf2 Na6 17. Rae1 Nc7 18. Be3 Kh7 19. Bc2 Qe7 20. Nc1 Ba6 21. b3 Rae8 22. Nd3 Nd7 23. Kh1 Bc8 24. Nf2 Nf6 25. Rg1 Nh5 26. g3 f5 27. exf5 Bxf5 28. Bxf5 gxf5 29. g4 fxg4 30. fxg4 Nf4 31. Nce4 Ng6 32. g5 Qd7 33. gxh6 Bf6 34. Rxg6 Kxg6 35. Rg1+ Kf7 36. Nxf6 Kxf6 37. Ne4+ Ke7 38. Bg5+ Kf7 39. Qf2+ 1-0

[Event "IHEM 2004"]
[Site "Hamburg"]
[Date "2000.01.01"]
[Round "8.3"]
[White "Haba, Petr"]
[Black "Moreno Carnero, Javier"]
[Result "1/2-1/2"]
[WhiteElo "2513"]
[BlackElo "2525"]
[PlyCount "33"]
[EventDate "2004.05.29"]
[Source "Roberto Alvarez"]
[SourceDate "2004.06.07"]

1. d4 Nf6 2. c4 g6 3. Nc3 Bg7 4. e4 d6 5. f3 O-O 6. Be3 e5 7. d5 c6 8. Bd3 cxd5 9. cxd5 Ne8 10. Qd2 Na6 11. Nge2 Bd7 12. O-O Nc5 13. Bb5 Bxb5 14. Nxb5 a6 15. Nbc3 Rc8 16. Rac1 f5 17. b4 1/2-1/2

[Event "Island-France"]
[Site "?"]
[Date "1993.??.??"]
[Round "?"]
[White "Stefansson, H."]
[Black "Renet, O."]
[Result "1-0"]
[WhiteElo "2495"]
[BlackElo "2535"]
[PlyCount "65"]
[EventDate "1993.??.??"]
[Source "ChessBase"]
[SourceDate "1993.02.01"]

1. d4 Nf6 2. c4 g6 3. Nc3 Bg7 4. e4 d6 5. f3 O-O 6. Be3 e5 7. d5 c6 8. Bd3 cxd5 9. cxd5 Nh5 10. Nge2 f5 11. exf5 gxf5 12. O-O Nd7 13. Rc1 a6 14. Kh1 Qe8 15. b4 Kh8 16. Bb1 Ndf6 17. Na4 f4 18. Nb6 Rb8 19. Bg1 Bd7 20. a4 Rf7 21. Rc4 Bh6 22. Qc2 Qg8 23. Rc1 Be8 24. Rc8 Rxc8 25. Qxc8 Bf8 26. Qh3 Ng7 27. Rc8 Bd7 28. Nxd7 Rxd7 29. Bxh7 Nxh7 30. Qxd7 Qxd5 31. Nc3 Qd3 32. Ne4 d5 33. Nf6 1-0

[Event "Vrnjacka Banja"]
[Site "Vrnjacka Banja YUG"]
[Date "1971.??.??"]
[Round "?"]
[White "Ivkov, Borislav"]
[Black "Zuckerman, Bernard"]
[Result "1/2-1/2"]
[WhiteElo "2570"]
[BlackElo "2460"]
[PlyCount "80"]
[EventDate "1971.04.??"]
[Source "www.chesslib.no"]
[SourceDate "2004.05.04"]

1. c4 g6 2. d4 Bg7 3. e4 d6 4. Nc3 Nf6 5. f3 O-O 6. Be3 e5 7. d5 c6 8. Bd3 cxd5 9. cxd5 Nbd7 10. Nge2 Nc5 11. Bc2 Nh5 12. b4 Na6 13. a3 Nf4 14. O-O Qg5 15. Nxf4 exf4 16. Bd4 Bd7 17. Bxg7 Kxg7 18. Qd2 Qe5 19. Ne2 Rac8 20. Bd3 g5 21. Rac1 Nc7 22. Rc3 Nb5 23. Bxb5 Bxb5 24. Rfc1 Rxc3 25. Nxc3 Bd7 26. Ne2 Rc8 27. Rxc8 Bxc8 28. Kf2 Bd7 29. g3 fxg3+ 30. hxg3 g4 31. Qd4 gxf3 32. Kxf3 f5 33. exf5 Bxf5 34. g4 Bg6 35. Qxe5+ dxe5 36. Nc3 Kf6 37. Ne4+ Ke7 38. g5 b5 39. Nf6 Kd6 40. Ke3 Bf5 1/2-1/2

[Event "32nd olm Yerevan ARM"]
[Site "?"]
[Date "1996.??.??"]
[Round "?"]
[White "Michelakis, G."]
[Black "Kotronias, V."]
[Result "0-1"]
[WhiteElo "2410"]
[BlackElo "2615"]
[PlyCount "76"]
[EventDate "1996.??.??"]
[Source "www.chesslib.no"]
[SourceDate "2004.05.04"]

1. d4 Nf6 2. c4 g6 3. Nc3 Bg7 4. e4 d6 5. f3 O-O 6. Be3 e5 7. d5 c6 8. Bd3 cxd5 9. cxd5 Nh5 10. Nge2 f5 11. exf5 gxf5 12. O-O Nd7 13. Rc1 Nc5 14. Bb1 a5 15. Nb5 b6 16. Kh1 Kh8 17. b3 Qd7 18. a4 Ba6 19. Bd3 Bb7 20. Bc4 Rf6 21. Qe1 Rg6 22. Qh4 Nf6 23. Nec3 Rf8 24. Rb1 Bc8 25. Rfd1 Rg8 26. Rd2 Bf8 27. Bf1 Qg7 28. Na3 Be7 29. Qf2 f4 30. Bxc5 bxc5 31. Nc4 Bf5 32. Re1 Nh5 33. Ne4 Qh6 34. Rb2 Bxe4 35. fxe4 Ng3+ 36. Kg1 Qxh2+ 37. Kxh2 Rh6+ 38. Kg1 Rh1# 0-1

[Event "Geneve Open"]
[Site "Geneva SUI"]
[Date "1994.??.??"]
[Round "2"]
[White "Kohlweyer, Bernd"]
[Black "Cvitan, Ognjen"]
[Result "1/2-1/2"]
[WhiteElo "2450"]
[BlackElo "2570"]
[PlyCount "62"]
[EventDate "1994.01.??"]
[Source "www.chesslib.no"]
[SourceDate "2004.05.04"]

1. d4 Nf6 2. c4 g6 3. Nc3 Bg7 4. e4 d6 5. f3 O-O 6. Be3 e5 7. d5 c6 8. Bd3 cxd5 9. cxd5 Nh5 10. Nge2 f5 11. exf5 gxf5 12. O-O Nd7 13. Rc1 Nc5 14. Bb1 a5 15. f4 e4 16. g4 fxg4 17. Bxc5 dxc5 18. Nxe4 Bf5 19. Ng5 Bxb1 20. Ne6 Qh4 21. Rxb1 g3 22. hxg3 Nxg3 23. Rf3 Nxe2+ 24. Qxe2 Bd4+ 25. Kg2 Kh8 26. Rh1 Rg8+ 27. Ng5 Rxg5+ 28. fxg5 Qxg5+ 29. Rg3 Qxd5+ 30. Qf3 Qxf3+ 31. Kxf3 a4 1/2-1/2

[Event "Doha Open"]
[Site "Doha QAT"]
[Date "1992.??.??"]
[Round "3"]
[White "Kuzmin, Alexey"]
[Black "Thipsay, Praveen Mahadeo"]
[Result "1-0"]
[WhiteElo "2545"]
[BlackElo "2475"]
[PlyCount "75"]
[EventDate "1992.??.??"]
[Source "www.chesslib.no"]
[SourceDate "2004.05.04"]

1. d4 Nf6 2. c4 g6 3. Nc3 Bg7 4. e4 d6 5. f3 O-O 6. Be3 e5 7. d5 c6 8. Bd3 cxd5 9. cxd5 Nh5 10. Nge2 f5 11. exf5 gxf5 12. O-O a6 13. Qb1 Kh8 14. Kh1 Qe8 15. a4 Qf7 16. a5 Nd7 17. g4 Nhf6 18. Bxf5 Nxd5 19. Nxd5 Qxd5 20. Nc3 Qg8 21. Ne4 Rxf5 22. gxf5 d5 23. Ng3 Nf6 24. Qc1 Bd7 25. Bh6 Bxh6 26. Qxh6 Qf7 27. Rae1 Re8 28. h3 Bc6 29. Kh2 Qg7 30. Qh4 Qf7 31. Rf2 Re7 32. Rg2 Re8 33. Qh6 d4 34. Ne4 Ng8 35. Qg5 Bxe4 36. fxe4 Nf6 37. Qh6 Rc8 38. Rc1 1-0

[Event "Asia-chT"]
[Site "Singapore"]
[Date "1995.??.??"]
[Round "6"]
[White "Temirbaev, Serik"]
[Black "Peng Xiaomin"]
[Result "1/2-1/2"]
[WhiteElo "2500"]
[BlackElo "2510"]
[PlyCount "43"]
[EventDate "1995.12.??"]
[Source "ChessBase"]

1. d4 Nf6 2. c4 g6 3. Nc3 Bg7 4. e4 d6 5. Bd3 O-O 6. Nge2 e5 7. d5 Na6 8. f3 c6 9. Be3 Nc5 10. Bc2 a5 11. O-O cxd5 12. cxd5 Bd7 13. a3 Qb6 14. b3 Rfc8 15. Rb1 Bh6 16. Bf2 Qd8 17. b4 axb4 18. axb4 Na6 19. Bd3 Nh5 20. Qb3 Nf4 21. Nxf4 Bxf4 22. Nb5 1/2-1/2

[Event "Paris Ch"]
[Site "Paris FRA"]
[Date "1989.??.??"]
[Round "5"]
[White "Razuvaev, Yuri S"]
[Black "Lautier, Joel"]
[Result "1/2-1/2"]
[WhiteElo "2550"]
[BlackElo "2450"]
[PlyCount "90"]
[EventDate "1989.05.??"]
[Source "www.chesslib.no"]
[SourceDate "2004.05.04"]

1. d4 Nf6 2. c4 g6 3. Nc3 Bg7 4. e4 d6 5. f3 O-O 6. Be3 e5 7. d5 c6 8. Bd3 b5 9. cxb5 cxd5 10. exd5 e4 11. Nxe4 Nxd5 12. Bg5 Qa5+ 13. Qd2 Qxd2+ 14. Bxd2 Bxb2 15. Rd1 Nd7 16. Ne2 N7b6 17. Nxd6 Be6 18. g4 Nf6 19. Bc3 Na4 20. Ba5 Be5 21. Bc2 Nb2 22. Rd2 Bxd6 23. Rxd6 Nc4 24. Ra6 Nxa5 25. Rxa5 Rfc8 26. Bb1 Bd5 27. O-O Bc4 28. Kf2 Rc5 29. Rc1 Rxb5 30. Rxb5 Bxb5 31. Nd4 Bd7 32. Rc7 h6 33. h4 Rb8 34. Nb3 Be6 35. Rxa7 Nd5 36. Kg3 Nb4 37. Nc5 Bc4 38. a4 Nc6 39. Rb7 Ra8 40. Be4 Ra5 41. Rc7 Nd4 42. Nd7 Bb3 43. Nb6 Ra6 44. Rb7 Bxa4 45. Nd5 Nb3 1/2-1/2

[Event "Lido Estensi op"]
[Site "Lido Estensi"]
[Date "2000.05.31"]
[Round "5"]
[White "Razuvaev, Yuri S"]
[Black "Martinovic, Slobodan"]
[Result "0-1"]
[WhiteElo "2548"]
[BlackElo "2448"]
[PlyCount "84"]
[EventDate "2000.05.27"]
[Source "ChessBase"]
[SourceDate "2000.07.11"]

1. c4 Nf6 2. Nc3 g6 3. e4 d6 4. d4 Bg7 5. f3 O-O 6. Be3 e5 7. d5 c6 8. Bd3 cxd5 9. cxd5 Nbd7 10. Nge2 a6 11. O-O Ne8 12. Rc1 f5 13. exf5 gxf5 14. Kh1 Ndf6 15. Bg5 f4 16. Bh4 Qa5 17. g4 fxg3 18. Nxg3 Kh8 19. Qb3 b5 20. a3 Bh6 21. Rcd1 Bh3 22. Rg1 Ng7 23. Bb1 Ra7 24. Bxf6 Rxf6 25. Nce4 Rf8 26. Nxd6 Qd8 27. Qd3 Ne8 28. Nxe8 Qxe8 29. Qe4 Qf7 30. Rd3 Bf4 31. Rc3 Rd7 32. Rc5 Qe7 33. Rc6 Qh4 34. d6 Qh6 35. Rc7 Rg8 36. Qc2 Rg6 37. Ne4 Rxg1+ 38. Kxg1 Be3+ 39. Kh1 Qg6 40. Ng3 Rxd6 41. Rxh7+ Kxh7 42. Qc7+ Kh6 0-1

[Event "Vejstrup"]
[Site "Vejstrup"]
[Date "1989.??.??"]
[Round "?"]
[White "Polgar, Zsuzsa"]
[Black "Mortensen, Erling"]
[Result "1/2-1/2"]
[WhiteElo "2520"]
[BlackElo "2475"]
[PlyCount "122"]
[EventDate "1989.09.??"]
[Source "ChessBase"]

1. d4 Nf6 2. c4 g6 3. Nc3 Bg7 4. e4 d6 5. f3 O-O 6. Be3 e5 7. d5 c6 8. Qd2 cxd5 9. cxd5 Nbd7 10. Bd3 Ne8 11. Nge2 f5 12. exf5 gxf5 13. O-O-O a6 14. h3 b5 15. Kb1 Nb6 16. Rc1 Kh8 17. g4 b4 18. Nd1 Nxd5 19. gxf5 Nef6 20. Bg5 Rb8 21. Rg1 Qb6 22. Ne3 Bb7 23. Nc4 Qd8 24. Be4 Qd7 25. Bxf6 Nxf6 26. Qxd6 Bxe4+ 27. fxe4 Qb7 28. Ka1 Nxe4 29. Qd3 Rbd8 30. Qf3 Nd6 31. Qxb7 Nxb7 32. Ng3 Nd6 33. Nxd6 Rxd6 34. Ne4 Rd4 35. Ng5 Bh6 36. Rc8 Rd7 37. Rxf8+ Bxf8 38. Kb1 Bh6 39. Ne4 Rd4 40. Rg4 Bf4 41. Nf6 Rd8 42. Nh5 Bd2 43. Kc2 a5 44. Kb3 h6 45. Kc4 Rf8 46. Kd3 Bc1 47. Ke4 Bxb2 48. Rg6 a4 49. Rxh6+ Kg8 50. Ra6 a3 51. Rb6 Bc3 52. f6 Kh7 53. Kf5 e4 54. Kxe4 Kh6 55. Rb5 Bxf6 56. Nf4 Bc3 57. Nd3 Re8+ 58. Kf3 Rd8 59. Nxb4 Bxb4 60. Rxb4 Rd2 61. Rh4+ Kg5 1/2-1/2

[Event "Asia-chT"]
[Site "Singapore"]
[Date "1995.??.??"]
[Round "6"]
[White "Nguyen Anh Dung"]
[Black "Mariano, Nelson"]
[Result "1-0"]
[WhiteElo "2485"]
[BlackElo "2510"]
[PlyCount "73"]
[EventDate "1995.12.??"]
[Source "ChessBase"]

1. d4 Nf6 2. c4 g6 3. Nc3 Bg7 4. e4 d6 5. f3 O-O 6. Be3 e5 7. d5 c6 8. Bd3 cxd5 9. cxd5 Nh5 10. Nge2 f5 11. O-O a6 12. Rc1 Kh8 13. Qb3 Nd7 14. Qb4 Ndf6 15. Na4 Qe7 16. Nb6 fxe4 17. fxe4 Rb8 18. h3 Bg4 19. Rf2 Bxe2 20. Bxe2 Nf4 21. Bf1 Bh6 22. Rc3 N6h5 23. Nc4 Rbc8 24. Rf3 Rf6 25. g3 b5 26. Nd2 Rxc3 27. Qxc3 Nxh3+ 28. Bxh3 Rxf3 29. Nxf3 Nxg3 30. Qc8+ Kg7 31. Bxh6+ Kxh6 32. Qc1+ Kg7 33. Qe3 h6 34. Bg4 Qf6 35. Kg2 h5 36. Kxg3 hxg4 37. Kxg4 1-0

[Event "Dresden"]
[Site "Dresden"]
[Date "1985.??.??"]
[Round "10"]
[White "Knaak, Rainer"]
[Black "Kochyev, Alexander"]
[Result "1/2-1/2"]
[WhiteElo "2525"]
[BlackElo "2465"]
[PlyCount "66"]
[EventDate "1985.11.18"]
[Source "ChessBase"]

1. d4 Nf6 2. c4 g6 3. Nc3 Bg7 4. e4 d6 5. f3 O-O 6. Be3 e5 7. d5 c6 8. Bd3 b5 9. a3 bxc4 10. Bxc4 c5 11. Nge2 Nfd7 12. O-O Nb6 13. Ba2 Ba6 14. b4 cxb4 15. axb4 N8d7 16. b5 Bc8 17. Na4 f5 18. exf5 gxf5 19. f4 Kh8 20. Rc1 Nf6 21. h3 Bd7 22. fxe5 dxe5 23. Nc5 f4 24. Bxf4 exf4 25. Nxf4 Bxb5 26. Nfe6 Qd6 27. Rf5 Nbd7 28. Nxf8 Nxc5 29. Ne6 Nce4 30. Qf3 Qb6+ 31. Kh2 Qd6+ 32. Kg1 Qb6+ 33. Kh2 Qd6+ 1/2-1/2